Lil Wayne Most Popular Songs - Statistics

General Stats
  • This quiz has been taken 70 times
    53 since last reset
  • The average score is 9 of 20
Answer Stats
Album Song Streams % Correct
Tha Carter III A Milli 658,281,193
77%
Tha Carter III Lollipop 646,424,438
77%
I Am Not A HumanBeing II Love Me 1,091,499,361
63%
Relapse: Refill (Eminem) Forever 689,074,082
60%
Tha Carter IV 6 Foot 7 Foot 567,569,839
53%
Tha Carter IV She Will 417,894,625
51%
Take Care (Drake) The Motto 622,923,346
51%
All Or Nothing (Jay Sean) Down 858,213,709
49%
Tha Carter IV Mirror 623,492,312
49%
Suicide Squad: The Album Sucker for Pain (with Wiz Khalifa, Imagine Dragons, Logic & Ty Dolla $ign feat. X Ambassadors) 1,225,841,817
49%
Grateful (DJ Khaled) I'm the One (feat. Justin Bieber, Quavo, Chance the Rapper & Lil Wayne) 1,331,146,862
40%
Recovery (Eminem) No Love 372,757,716
37%
Thats What They All Say (Jack Harlow) Whats Poppin (feat. DaBaby, Tory Lanez & Lil Wayne) [Remix] - Bonus Track 786,695,527
37%
X (Chris Brown) Loyal (feat. Lil Wayne & Tyga) 661,940,112
35%
F.A.M.E. (Chris Brown) Look At Me Now (feat. Lil Wayne & Busta Rhymes) 468,168,953
28%
The Pinkprint (Nicki Minaj) Only 603,794,653
28%
00s R&B (Lloyd) You 421,048,029
28%
Dangerous Woman (Ariana Grande) Let Me Love You 454,670,049
23%
Hall of Fame (Big Sean) Beware 460,788,995
19%
Coloring Book (Chance the Rapper) No Problem (feat. Lil Wayne & 2 Chainz) 522,047,365
16%
No matching quizzes found
Score Distribution
Percent of People with Each Score
Percentile by Number Answered
Your Score History
You have not taken this quiz since the last reset